All Ben-10 Alien Transformations Quiz Stats

 Plays Quiz not verified by Sporcle

Score 0/62 Timer 10:00
0 Plays Today
Series Alien % Correct
OriginalHeatblast
89%
OriginalFour Arms
86.5%
OriginalGrey Matter
85%
OriginalUpgrade
82%
OriginalWildmutt
82%
OriginalDiamond Head
81.5%
OriginalXLR8
79.5%
OriginalStinkfly
77.5%
OriginalGhostfreak
77%
Ultimate Alien/Alien ForceSwampfire
76%
OriginalWay Big
76%
Ultimate Alien/Alien ForceAlien-X
75.5%
OriginalCannonbolt
74%
OriginalRipjaws
73.5%
OmniverseFeedback
73%
OriginalWildvine
73%
Ultimate Alien/Alien ForceBig Chill
72.5%
OriginalBlitzwolfer
71.5%
Ultimate Alien/Alien ForceSpider-Monkey
71%
OriginalDitto
68.5%
OriginalSnare-oh
67.5%
Ultimate Alien/Alien ForceEcho-Echo
67.5%
OriginalUpchuck
67%
Ultimate Alien/Alien ForceJetray
65.5%
Ultimate Alien/Alien ForceGoop
64%
Ultimate Alien/Alien ForceBrainstorm
64%
OriginalFrankenstrike
63.5%
Ultimate Alien/Alien ForceRath
62.5%
Ultimate Alien/Alien ForceWater Hazard
62%
Ultimate Alien/Alien ForceNRG
62%
Ultimate Alien/Alien ForceChromastone
61%
Series Alien % Correct
OriginalEye Guy
59.5%
OmniverseBloxx
57.5%
Ultimate Alien/Alien ForceClockwork
57.5%
Ultimate Alien/Alien ForceNanomech
57%
OriginalArticguana
56.5%
Ultimate Alien/Alien ForceHumungousaur
54.5%
Ultimate Alien/Alien ForceAmpFibian
54.5%
Ultimate Alien/Alien ForceTerraspin
54%
Ultimate Alien/Alien ForceArmodrillo
53%
Ultimate Alien/Alien ForceFasttrack
52%
OmniverseGravattack
51.5%
OmniverseThe Worst
51.5%
OmniverseShocksquatch
51%
Ultimate Alien/Alien ForceLodestar
49.5%
OmniverseAtomix
49%
OriginalBuzzshock
49%
OmniverseWhampire
48%
OriginalSpitter
47%
Ultimate Alien/Alien ForceJury Rigg
45.5%
Ultimate Alien/Alien ForceChamAlien
43.5%
OmniverseWalkatrout
43.5%
OmniversePesky Dust
43%
OmniverseBullfrag
42.9%
Ultimate Alien/Alien ForceEatle
42.5%
OmniverseToepick
41.5%
OmniverseAstrodactyl
40%
OmniverseCrashhopper
39%
OmniverseKickin Hawk
38%
OmniverseBall Weevil
38%
OmniverseMole-Stache
36.5%
OmniverseGutrot
36.5%

You're not logged in!

Compare scores with friends on all Sporcle quizzes.
OR
Log In

Sporcle TV

Today on Sporcle TV


Watch our educational content, quiz creation guides, and fun videos on Sporcle TV.

Show Comments

Extras

Top Quizzes Today


Score Distribution

Your Account Isn't Verified!

In order to create a playlist on Sporcle, you need to verify the email address you used during registration. Go to your Sporcle Settings to finish the process.

Report this User

Report this user for behavior that violates our Community Guidelines.

Details: